Catalog

Record Details

Catalog Search



7th heaven : Women's murder club  Cover Image Book Book

7th heaven : Women's murder club / by James Patterson and Maxine Paetro.

Patterson, James, 1947- (Author). Paetro, Maxine. (Added Author).

Summary:

A terrible fire in a wealthy suburban home leaves a married couple dead and Detective Lindsay Boxer and her partner Rich Conklin searching for clues. And after California's golden boy, Michael Campion has been missing for a month, there finally seems to be a lead in his case--a very devastating lead. As fire after fire consume couples in wealthy, comfortable homes, Lindsay and the Murder Club must race to find the arsonists responsible and get to the bottom of Michael Campion's disappearance. But suddenly the fires are raging too close to home. Frightened for her life and torn between two men, Lindsay must find a way to solve the most daunting dilemmas she's ever faced--at work and at home.

Record details

  • ISBN: 9780316017701
  • ISBN: 0316017701
  • Physical Description: 376 pages ; 25 cm.
  • Edition: First edition.
  • Publisher: New York : Little, Brown and Co., ©2008.
Subject: Women detectives > California > San Francisco > Fiction.
Rich people > Crimes against > Fiction.
Arson investigation > Fiction.
Missing persons > Investigation > Fiction.
Detective and mystery stories.
Genre: Detective and mystery fiction.
Thrillers (Fiction)

Available copies

  • 0 of 1 copy available at scottsboropl.

Holds

  • 0 current holds with 1 total copy.
Show Only Available Copies
Location Call Number / Copy Notes Barcode Shelving Location Status Due Date
scottsboropl F Pat 32269000799216 Adult - Fiction Checked out 04/21/2026

LDR 01444pam a2200385 a 4500
001117779
003SBPL
00520160302123429.0
008070810s2008 nyu 000 1 eng
010 . ‡a 2007033046
020 . ‡a9780316017701 ‡q(hardback)
020 . ‡a0316017701 ‡q(hardback)
035 . ‡a(CONS)117779
035 . ‡a(CPomAG)LMN316036
043 . ‡an-us-ca
05000. ‡aPS3566.A822 ‡bA616 2008
08200. ‡a813/.54 ‡222
1001 . ‡aPatterson, James, ‡d1947-
24510. ‡a7th heaven : ‡bWomen's murder club / ‡cby James Patterson and Maxine Paetro.
2463 . ‡aSeventh heaven
250 . ‡aFirst edition.
260 . ‡aNew York : ‡bLittle, Brown and Co., ‡c©2008.
300 . ‡a376 pages ; ‡c25 cm.
336 . ‡atext ‡btxt ‡2rdacontent
337 . ‡aunmediated ‡bn ‡2rdamedia
338 . ‡avolume ‡bnc ‡2rdacarrier
4901 . ‡aWomen's murder club. ; ‡v Bk 7
520 . ‡aA terrible fire in a wealthy suburban home leaves a married couple dead and Detective Lindsay Boxer and her partner Rich Conklin searching for clues. And after California's golden boy, Michael Campion has been missing for a month, there finally seems to be a lead in his case--a very devastating lead. As fire after fire consume couples in wealthy, comfortable homes, Lindsay and the Murder Club must race to find the arsonists responsible and get to the bottom of Michael Campion's disappearance. But suddenly the fires are raging too close to home. Frightened for her life and torn between two men, Lindsay must find a way to solve the most daunting dilemmas she's ever faced--at work and at home.
650 0. ‡aWomen detectives ‡zCalifornia ‡zSan Francisco ‡vFiction.
650 0. ‡aRich people ‡xCrimes against ‡vFiction.
650 0. ‡aArson investigation ‡vFiction.
650 0. ‡aMissing persons ‡xInvestigation ‡vFiction.
650 0. ‡aDetective and mystery stories.
655 7. ‡aDetective and mystery fiction. ‡2lcgft
655 7. ‡aThrillers (Fiction) ‡2lcgft
7001 . ‡aPaetro, Maxine.
8001 . ‡aPatterson, James, ‡d1947- ‡tWomen's murder club. ; ‡v Bk 7
901 . ‡a117779 ‡bUnknown ‡c117779 ‡tbiblio

Additional Resources